[Event "Ctopor Equipos de Aragon  Preferente II "]
[Site "?"]
[Date "2026.02.07"]
[Round "3.63"]
[White "Villalba Abad, David"]
[Black "Garcia Monterde, Francisco Jose"]
[Result "1-0"]
[WhiteElo "1831"]
[BlackElo "1870"]
[PlyCount "20"]
[GameId "2276814097360738"]
[EventDate "2026.01.24"]
[WhiteTeam "Actur Rey Fernando"]
[BlackTeam "Iberajedrez Mundo 64 B"]

1. c4 c5 2. g3 {Cf6 Ag2} d5 3. cxd5 {Cxd5 Cc3 Cc7 Cf3 Cc6 O-O} e5 4. d3 {Ae7 Ae3 O-O Tc1 Ae6 Dd2} f6 5. b3 {Dd7 Ca4} b6 {Cc3 Tfd8 Db2 Tac8 Cd2 Ah3} 6. f4 {Axg2 Rxg2 Cd5 Cxd5 Dxd5+ Rg1 De6} f5 {Df7 Ce4 Af8} 7. g4 h6 8. h4 {Cd4 Rg2 Dd5 Rh3 Dd7 Axh6 Cxe2 Tcd1 Cf4+ Axf4} exf4 {Txf4 Dc7 Tff1 Td4 De2 Tcd8} 9. g5 {Dd7 Tf3 Ae7 gxf6 Txe4 Dxe4 Axf6 Te1 Df7 De6 Td4 Dxf7+ Rxf7 Te4 Td8 b4 Ad4 bxc5 bxc5 Te6 Td7 a4} a5 {Te2 Af6 Tc2 Ad4 Rg4 Tb7 Tc4 Tb1} 10. h5 {Tg1+ Tg3 Th1 Th3 Td1 Rf4 Te1 Tf3 Ae5+ Rg4 Tg1+ Rh3 Ad4 Tg3 Tf1 Rg4 Rf6 Tf3 Tg1+ Tg3 Tf1 Tc2 Ta1 Te2 Txa4 Te6+ Rf7 Rf3 Ta1 h6 gxh6 Txh6 Tf1+ Re4 Te1 Rd5 Te5+ Rc4 Txf5 Ta6 Af2 Th3 Rg7 Txa5 Tf4+ Rd5 Td4+ Re6} c4 {Ta2 Ah4 Tg2+ Rf8 Re5} 1-0

[Event "Ctopor Equipos de Aragon  Preferente II "]
[Site "?"]
[Date "2026.02.07"]
[Round "3.64"]
[White "Barranco Castillo, Jose Antonio"]
[Black "Martinez Rubio, Jesus Pablo"]
[Result "1-0"]
[WhiteElo "1850"]
[BlackElo "1000"]
[PlyCount "77"]
[GameId "2276814097368931"]
[EventDate "2026.01.24"]
[WhiteTeam "Iberajedrez Mundo 64 B"]
[BlackTeam "Actur Rey Fernando"]

1. c4 Nf6 2. g3 d6 3. Bg2 g6 4. Nc3 Bg7 5. e4 e5 6. Nge2 c5 7. O-O Nc6 8. d3 a6 9. h3 Be6 10. f4 Qd7 11. Nd5 Bxd5 12. cxd5 Nd4 13. fxe5 dxe5 14. Nxd4 cxd4 15. Qf3 h6 16. Bd2 Qd6 17. a3 a5 18. b4 b6 19. Rac1 O-O 20. Rc6 Qd8 21. Rxf6 Bxf6 22. Qxf6 Qxf6 23. Rxf6 Kg7 24. Rxb6 axb4 25. Bxb4 Rfd8 26. Bf3 Rac8 27. Be7 Rd7 28. Bf6+ Kh7 29. Bg4 Rc1+ 30. Kf2 Rdc7 31. Rb2 Rh1 32. Bf3 Ra1 33. d6 Rd7 34. Rb8 Ra2+ 35. Ke1 g5 36. Bg4 Kg6 37. Bxe5 Ra7 38. Rg8+ Kh7 39. Rg7+ 1-0

[Event "Ctopor Equipos de Aragon  Preferente II "]
[Site "?"]
[Date "2026.02.07"]
[Round "3.65"]
[White "Gomez Calomarde, Saul"]
[Black "Pallares Jover, Adrian"]
[Result "0-1"]
[WhiteElo "2093"]
[BlackElo "2076"]
[PlyCount "81"]
[GameId "2276814097377124"]
[EventDate "2026.01.24"]
[WhiteTeam "Teruel B"]
[BlackTeam "Aulazenter B"]

1. Nf3 Nf6 2. b3 d5 3. Bb2 c5 4. e3 a6 5. c4 dxc4 6. bxc4 Nc6 7. d4 Bf5 8. Be2 e6 9. O-O Qb6 10. Qb3 Qxb3 11. axb3 O-O-O 12. dxc5 Bxc5 13. Nc3 Bc2 14. Bd1 Bd3 15. Ne2 Rhe8 16. Bc3 e5 17. Ne1 Bxe2 18. Bxe2 Ne4 19. Rc1 Ba3 20. Rc2 Bb4 21. Bb2 Nd2 22. Nd3 Nxf1 23. Kxf1 Kc7 24. Rc1 Bd6 25. c5 Bf8 26. Rc4 e4 27. Nf4 Na5 28. Rc3 g6 29. b4 Nc6 30. Rb3 Bh6 31. Nh3 Rd7 32. g4 f5 33. g5 Bg7 34. Bxg7 Rxg7 35. Nf4 Rd7 36. Bc4 Ne5 37. Bd5 Nf3 38. b5 Nd2+ 39. Ke2 Nxb3 40. Bxb3 Re5 41. c6 0-1

[Event "Ctopor Equipos de Aragon  Preferente II "]
[Site "?"]
[Date "2026.02.07"]
[Round "3.66"]
[White "Ania Chueca, Mario"]
[Black "Martin Catalan, Juan Vicente"]
[Result "1/2-1/2"]
[WhiteElo "1891"]
[BlackElo "1930"]
[PlyCount "133"]
[GameId "2276814097381221"]
[EventDate "2026.01.24"]
[WhiteTeam "Aulazenter B"]
[BlackTeam "Teruel B"]

1. e4 e6 2. d3 d5 3. Nd2 c5 4. Ngf3 Nc6 5. g3 Nf6 6. Bg2 Be7 7. O-O dxe4 8. dxe4 e5 9. c3 O-O 10. Qc2 Qc7 11. Nc4 Ng4 12. h3 Be6 13. Ne3 Nxe3 14. Bxe3 Rad8 15. Rad1 Rxd1 16. Rxd1 Rd8 17. b3 f6 18. Bf1 Rd7 19. Kh2 Qd8 20. Rxd7 Qxd7 21. Nd2 a6 22. Bc4 Na5 23. Bxe6+ Qxe6 24. Qd3 Qd6 25. Qd5+ Qxd5 26. exd5 b5 27. c4 bxc4 28. bxc4 f5 29. Kg2 Kf7 30. Kf1 Ke8 31. Ke2 Kd7 32. f3 g6 33. Kd3 Kd6 34. Nb3 Nb7 35. Bd2 Bd8 36. Bh6 Be7 37. Bg7 Bd8 38. Bh6 Be7 39. Bg7 Bd8 40. Bf8+ Be7 41. Bh6 Bf6 42. Bd2 Bd8 43. h4 h5 44. Bc3 Bc7 45. Ke3 Bd8 46. Nc1 Ba5 47. Bd2 Bxd2+ 48. Kxd2 Kd7 49. Nd3 Kd6 50. Kc3 Na5 51. Nf2 Nb7 52. Nh3 Ke7 53. Ng5 Kf6 54. Kd3 Nd6 55. Ne6 e4+ 56. fxe4 Nxe4 57. a4 Ke5 58. Ke3 Nxg3 59. Nxc5 f4+ 60. Kf3 Nf5 61. Nxa6 Nxh4+ 62. Kf2 Nf5 63. Nb4 Nd6 64. Nc6+ Ke4 65. c5 Kxd5 66. Ne7+ Kxc5 67. Nxg6 1/2-1/2

[Event "Ctopor Equipos de Aragon  Preferente II "]
[Site "?"]
[Date "2026.02.07"]
[Round "3.67"]
[White "Navarro Remon, Mario"]
[Black "Morales Anadon, Javier"]
[Result "1-0"]
[WhiteElo "1916"]
[BlackElo "1841"]
[PlyCount "107"]
[GameId "2276814097487718"]
[EventDate "2026.01.24"]
[WhiteTeam "Teruel B"]
[BlackTeam "Aulazenter B"]

1. d4 Nf6 2. Nf3 e6 3. Bg5 d5 4. e3 c5 5. Nbd2 Nc6 6. c3 Be7 7. Bd3 b6 8. O-O Bb7 9. h3 O-O 10. Nh2 Ne4 11. Bxe7 Nxe7 12. f4 Nf5 13. Rf3 Qh4 14. Nhf1 Qh6 15. g4 Nh4 16. Bxe4 dxe4 17. Rg3 f5 18. g5 Qg6 19. Nh2 Ba6 20. Qa4 Bd3 21. dxc5 bxc5 22. Nc4 Qe8 23. Qxe8 Rfxe8 24. Ne5 c4 25. b3 Rec8 26. bxc4 Bxc4 27. Kf2 Rab8 28. Rgg1 Rb2+ 29. Kg3 Ng6 30. Nxc4 Rxc4 31. Rgc1 Rd2 32. Rab1 Rxa2 33. Rd1 Rc7 34. h4 Nxh4 35. Nf1 Ng6 36. Rd6 Kf7 37. Rb3 Rc2 38. Ra3 R2xc3 39. Rxc3 Rxc3 40. Rd7+ Ne7 41. Rxa7 Rd3 42. Kf2 Rd8 43. Rb7 Re8 44. Nd2 h6 45. gxh6 gxh6 46. Nc4 Kf6 47. Ne5 Rd8 48. Nd7+ Kf7 49. Ne5+ Ke8 50. Rb6 Rd2+ 51. Ke1 Rd8 52. Rxe6 h5 53. Rh6 Rc8 54. Rh8+ 1-0

[Event "Ctopor Equipos de Aragon  Preferente II "]
[Site "?"]
[Date "2026.02.07"]
[Round "3.68"]
[White "Vega Cieloszyk, Diego Piotr"]
[Black "Abancens Fernandez, Bernardo"]
[Result "0-1"]
[WhiteElo "1755"]
[BlackElo "1840"]
[PlyCount "92"]
[GameId "2276814097495911"]
[EventDate "2026.01.24"]
[WhiteTeam "Aulazenter B"]
[BlackTeam "Teruel B"]

1. e4 c5 2. Nc3 Nc6 3. Bb5 g6 4. f4 Bg7 5. Nf3 Nd4 6. O-O Nxb5 7. Nxb5 d5 8. exd5 a6 9. Nc3 Nf6 10. d3 Nxd5 11. Ne4 b6 12. Rb1 O-O 13. Qe2 Qc7 14. Nh4 e6 15. Bd2 a5 16. g3 Bb7 17. a3 Rad8 18. Nf3 Rfe8 19. c4 Ne7 20. Bc3 Bxe4 21. dxe4 Nc6 22. Bxg7 Kxg7 23. Rbd1 Nd4 24. Nxd4 Rxd4 25. Rxd4 cxd4 26. e5 Qc5 27. Qd3 Rd8 28. a4 Qb4 29. b3 Rd7 30. g4 Qc5 31. Kg2 Kf8 32. Rd1 Ke7 33. Qe4 Qb4 34. Rd3 Qa3 35. f5 Qb2+ 36. Kg3 Qc1 37. f6+ Ke8 38. Qe2 Kd8 39. Kh3 Kc7 40. Qd2 Qxd2 41. Rxd2 d3 42. Kg3 Kc6 43. Kf3 Kc5 44. Ke3 Kb4 45. Rxd3 Rxd3+ 46. Kxd3 Kxb3 0-1

[Event "Ctopor Equipos de Aragon  Preferente II "]
[Site "?"]
[Date "2026.02.07"]
[Round "3.69"]
[White "Barros Gutierrez, Angel Luis"]
[Black "Galve Guinea, Alejandro"]
[Result "1-0"]
[WhiteElo "2003"]
[BlackElo "1958"]
[PlyCount "51"]
[GameId "2276814097504104"]
[EventDate "2026.01.24"]
[WhiteTeam "Agrupacion B"]
[BlackTeam "El Olivar C"]

1. d4 d5 2. c4 c6 3. cxd5 cxd5 4. Nc3 Nf6 5. Bf4 Nc6 6. e3 Bf5 7. Be2 e6 8. Nf3 Nd7 9. O-O Be7 10. Nb5 O-O 11. Bc7 Qc8 12. Bg3 Qd8 13. Nd6 Bxd6 14. Bxd6 Re8 15. Bg3 h6 16. Qb3 Qb6 17. Nd2 Rec8 18. Rfc1 Na5 19. Qxb6 Nxb6 20. b3 Nc6 21. a3 Na5 22. Rc5 Rxc5 23. dxc5 Nd7 24. b4 Nc6 25. Nb3 Nde5 26. b5 1-0

[Event "Ctopor Equipos de Aragon  Preferente II "]
[Site "?"]
[Date "2026.02.07"]
[Round "3.70"]
[White "Lavilla Castano, Julian"]
[Black "Guerra Perez, Rafael"]
[Result "1/2-1/2"]
[WhiteElo "1867"]
[BlackElo "1896"]
[PlyCount "117"]
[GameId "2276814097508201"]
[EventDate "2026.01.24"]
[WhiteTeam "El Olivar C"]
[BlackTeam "Agrupacion B"]

1. d4 Nf6 2. c4 e6 3. Nc3 d5 4. cxd5 exd5 5. Bg5 c6 6. e3 Be7 7. Bd3 O-O 8. Qc2 h6 9. Bh4 Re8 10. Nf3 Nbd7 11. O-O Ne4 12. Bxe4 Bxh4 13. Bh7+ Kh8 14. Bd3 Bf6 15. Rfc1 Nf8 16. h3 Bd7 17. b4 Ne6 18. Rab1 Rc8 19. Qb3 Rg8 20. Ne2 Qe7 21. Ng3 g6 22. b5 Qd6 23. bxc6 bxc6 24. Qd1 Rb8 25. Qd2 Kg7 26. h4 h5 27. Ne2 c5 28. dxc5 Nxc5 29. Bc4 Be6 30. Bb3 Nxb3 31. Rxb3 Rxb3 32. axb3 Rb8 33. Ned4 Bd7 34. Qa5 Rb7 35. Rc5 Be6 36. Rc6 Qd7 37. Qa6 Rb6 38. Rxb6 axb6 39. Qxb6 Bd8 40. Qc6 Qxc6 41. Nxc6 Bb6 42. Kf1 Bc8 43. Nb4 Bb7 44. Ke2 Ba5 45. Nc2 Ba6+ 46. Kd1 Bd3 47. Nfd4 Kf6 48. Kc1 Bc3 49. Kd1 Ke5 50. Ne1 Bf1 51. Nef3+ Kd6 52. g3 Kc5 53. Kc2 Ba5 54. Ne5 Be1 55. Nd3+ Bxd3+ 56. Kxd3 Bxf2 57. Ne2 Be1 58. e4 dxe4+ 59. Kxe4 1/2-1/2

[Event "Ctopor Equipos de Aragon  Preferente II "]
[Site "?"]
[Date "2026.02.07"]
[Round "3.71"]
[White "Palasi Mainar, Miguel Angel"]
[Black "De La Riva Fernandez, Eduardo"]
[Result "1-0"]
[WhiteElo "1877"]
[BlackElo "1862"]
[PlyCount "93"]
[GameId "2276814097516394"]
[EventDate "2026.01.24"]
[WhiteTeam "Agrupacion B"]
[BlackTeam "El Olivar C"]

1. e4 e6 2. d3 d5 3. Nd2 c5 4. Ngf3 Nc6 5. g3 Nf6 6. Bg2 dxe4 7. dxe4 e5 8. O-O Qc7 9. c3 Be6 10. Qe2 Be7 11. a4 O-O 12. Nc4 h6 13. Nh4 Nh7 14. Nf5 Bf6 15. Nce3 Ne7 16. Nxe7+ Bxe7 17. Re1 Bd6 18. Nf5 Bxf5 19. exf5 Nf6 20. Qb5 Rab8 21. a5 Rfd8 22. Rd1 Qc8 23. a6 b6 24. Qc6 Qxc6 25. Bxc6 Bc7 26. Be3 Rxd1+ 27. Rxd1 Rd8 28. Rxd8+ Bxd8 29. f3 Kf8 30. Kf2 Ke7 31. Ke2 Kd6 32. Bb7 Nd5 33. Bd2 Bg5 34. Be1 Ne7 35. g4 Bc1 36. b3 Kc7 37. Kd3 f6 38. Ke4 Kd6 39. Bf2 Nc6 40. h3 Bd2 41. Kd3 Bc1 42. Bc8 b5 43. Kc2 Bf4 44. Bb7 Kc7 45. Bxc5 Na5 46. Be4 Kb8 47. Bf8 1-0

[Event "Ctopor Equipos de Aragon  Preferente II "]
[Site "?"]
[Date "2026.02.07"]
[Round "3.72"]
[White "Marco Garcia, Francho"]
[Black "Casasnovas Sanchez, Raul"]
[Result "0-1"]
[WhiteElo "1800"]
[BlackElo "1776"]
[PlyCount "42"]
[GameId "2276814097520491"]
[EventDate "2026.01.24"]
[WhiteTeam "El Olivar C"]
[BlackTeam "Agrupacion B"]

1. e4 e5 2. Nc3 Nf6 3. f4 d5 4. fxe5 Nxe4 5. Qf3 Nc6 6. Bb5 Nxc3 7. bxc3 Qh4+ 8. g3 Qe4+ 9. Qxe4 dxe4 10. Bxc6+ bxc6 11. d4 Bf5 12. Be3 Be7 13. Ne2 O-O 14. O-O Bh3 15. Rfe1 g5 16. c4 f6 17. exf6 Bxf6 18. Nc3 Rae8 19. Bf2 e3 20. Bxe3 Rxe3 21. Rxe3 Bxd4 0-1

[Event "Cto por Equipos de Aragon Division de Ho"]
[Site "?"]
[Date "2026.02.14"]
[Round "4.1"]
[White "Quintin Navarro, Alberto"]
[Black "Cifuentes Parada, Roberto"]
[Result "1/2-1/2"]
[WhiteElo "2360"]
[BlackElo "2380"]
[PlyCount "79"]
[GameId "2278988363937872"]
[EventDate "2026.01.24"]
[WhiteTeam "MyInvestor Casablanca A"]
[BlackTeam "Jaque - Aramovil"]

1. d4 d5 2. c4 dxc4 3. Nf3 Nf6 4. e3 e6 5. Bxc4 c5 6. O-O Nc6 7. Nc3 a6 8. Qe2 b5 9. Bb3 cxd4 10. Rd1 Be7 11. exd4 b4 12. d5 bxc3 13. dxc6 Qc7 14. Ne5 O-O 15. Bf4 cxb2 16. Rab1 Bd6 17. Rxb2 Nd5 18. Bxd5 exd5 19. Rxd5 Bxe5 20. Rxe5 Qxc6 21. Rc2 Qg6 22. h4 Bg4 23. Qc4 Rac8 24. Rc5 Rxc5 25. Qxc5 h6 26. Rc1 Rc8 27. Qe3 Rxc1+ 28. Qxc1 Qd3 29. Bg3 Be6 30. a3 a5 31. Qe3 Qxe3 32. fxe3 a4 33. Be5 f6 34. Bd4 Bd5 35. Kf2 h5 36. g3 Kf7 37. Bc3 Ke6 38. Bb4 Kf5 39. Bf8 g5 40. Be7 1/2-1/2

[Event "Cto por Equipos de Aragon Division de Ho"]
[Site "?"]
[Date "2026.02.14"]
[Round "4.2"]
[White "Escartin Lacasa, Jose"]
[Black "Adla, Diego"]
[Result "1/2-1/2"]
[WhiteElo "2292"]
[BlackElo "2379"]
[PlyCount "119"]
[GameId "2278988363946065"]
[EventDate "2026.01.24"]
[WhiteTeam "Jaque - Aramovil"]
[BlackTeam "MyInvestor Casablanca A"]

1. d4 Nf6 2. Nf3 e6 3. g3 Be7 4. Bg2 O-O 5. O-O d5 6. c4 a5 7. Qc2 Nbd7 8. Rd1 dxc4 9. Qxc4 b5 10. Qxb5 Ba6 11. Qc6 Bxe2 12. Re1 Ra6 13. Qc2 Bb5 14. Ne5 Nxe5 15. Rxe5 Qd7 16. Nc3 Bc4 17. Qd1 c6 18. b3 Bd5 19. Nxd5 cxd5 20. Bf1 Rb6 21. Re2 Ne4 22. Rc2 a4 23. bxa4 Qxa4 24. Be3 Ba3 25. Bd3 Nd6 26. Qh5 g6 27. Qh6 Rc8 28. Rxc8+ Nxc8 29. Qf4 Bd6 30. Qg4 Qa3 31. Bc2 Qb2 32. Qd1 Ba3 33. Bb3 Nd6 34. Rb1 Qc3 35. Qc2 Qxc2 36. Bxc2 Rxb1+ 37. Bxb1 Nb5 38. Bc2 Bb2 39. a4 Nxd4 40. a5 Nc6 41. Bb6 Nxa5 42. Bxa5 Kg7 43. Kf1 h5 44. Ke2 Bd4 45. Bd2 Kg8 46. Be3 Bf6 47. Kd3 Be7 48. Ba4 Bd6 49. h3 Bc7 50. Bc6 Bd6 51. Kc3 Kg7 52. f4 Kg8 53. h4 Kg7 54. Bd4+ Kg8 55. Kb3 Kf8 56. Ka4 Kg8 57. Kb5 Ba3 58. Ka4 Bc1 59. Kb3 Bd2 60. Bf2 1/2-1/2

[Event "Cto por Equipos de Aragon Division de Ho"]
[Site "?"]
[Date "2026.02.14"]
[Round "4.3"]
[White "Glavina, Pablo"]
[Black "Calvo Simon, Jorge"]
[Result "1/2-1/2"]
[WhiteElo "2341"]
[BlackElo "2178"]
[PlyCount "114"]
[GameId "2278988363950162"]
[EventDate "2026.01.24"]
[WhiteTeam "MyInvestor Casablanca A"]
[BlackTeam "Jaque - Aramovil"]

1. e4 c5 2. Nf3 Nc6 3. d4 cxd4 4. Nxd4 g6 5. c4 Bg7 6. Be3 Qb6 7. Nb5 Qa5+ 8. N1c3 Nf6 9. f3 a6 10. Nd4 Nxd4 11. Bxd4 O-O 12. a3 d6 13. b4 Qg5 14. g3 a5 15. b5 Nd7 16. f4 Bxd4 17. Qxd4 Qc5 18. Qxc5 Nxc5 19. Nd5 e5 20. f5 f6 21. g4 Nb3 22. Ra2 Bd7 23. Rf2 Kg7 24. h4 Nc5 25. Nc3 Be8 26. Be2 Bf7 27. Rhf1 Bg8 28. g5 Rac8 29. fxg6 fxg5 30. gxh7 Bxh7 31. Rxf8 Rxf8 32. Rg1 Bxe4 33. Rxg5+ Kh6 34. Rg3 Rf4 35. h5 Bh7 36. Nd5 Rf7 37. Ne3 Be4 38. Rg8 Ne6 39. Nf1 Nd4 40. Ng3 Bh7 41. Rd8 Kg5 42. Rxd6 Nc2+ 43. Kd2 Nxa3 44. c5 Kf4 45. Nf1 e4 46. c6 Bf5 47. Kc3 e3 48. Rd4+ Ke5 49. Rd8 bxc6 50. bxc6 Rc7 51. Kb2 Nc2 52. Bb5 Nd4 53. Nxe3 Nxb5 54. Nxf5 Kxf5 55. Rd5+ Kf6 56. Rxb5 Rxc6 57. Rxa5 Kg7 1/2-1/2

[Event "Cto por Equipos de Aragon Division de Ho"]
[Site "?"]
[Date "2026.02.14"]
[Round "4.4"]
[White "Ereza Vizcarra, Fernando"]
[Black "Vela Frago, Alberto"]
[Result "1-0"]
[WhiteElo "2151"]
[BlackElo "2303"]
[PlyCount "99"]
[GameId "2278988363958355"]
[EventDate "2026.01.24"]
[WhiteTeam "Jaque - Aramovil"]
[BlackTeam "MyInvestor Casablanca A"]

1. c4 e6 2. Nf3 d5 3. d4 Nf6 4. g3 Be7 5. Bg2 O-O 6. O-O a5 7. b3 a4 8. Bb2 Ne4 9. Nfd2 Nxd2 10. Nxd2 a3 11. Bc3 c5 12. cxd5 exd5 13. dxc5 d4 14. Bb4 Nc6 15. Bxc6 bxc6 16. Nf3 Bf6 17. Rc1 Re8 18. Re1 Qd5 19. e4 Rxe4 20. Rxe4 Qxe4 21. Qe1 Qxe1+ 22. Rxe1 Be6 23. Nd2 g6 24. Kf1 d3 25. Re3 Bf5 26. g4 Bxg4 27. Rxd3 Re8 28. Re3 Rd8 29. Ne4 Rd1+ 30. Re1 Bb2 31. Rxd1 Bxd1 32. Nc3 Bc2 33. Ke1 f6 34. Kd2 Bf5 35. Nd1 Be5 36. Bxa3 Bxh2 37. Bb2 Kf7 38. a4 h5 39. b4 h4 40. f3 Bf4+ 41. Ke2 Bc2 42. Nc3 h3 43. Kf2 Ke6 44. Ne2 Be5 45. Nd4+ Kd5 46. Nxc2 Bxb2 47. Kg3 Kc4 48. Kxh3 Kb3 49. a5 Be5 50. a6 1-0

[Event "Cto por Equipos de Aragon Division de Ho"]
[Site "?"]
[Date "2026.02.14"]
[Round "4.5"]
[White "Villuendas Valero, Adrian"]
[Black "Llorente Zaro, Alfonso"]
[Result "0-1"]
[WhiteElo "2288"]
[BlackElo "2427"]
[PlyCount "57"]
[GameId "2278988363966548"]
[EventDate "2026.01.24"]
[WhiteTeam "Aulazenter"]
[BlackTeam "Agrupacion"]

1. d4 d5 2. c4 e6 3. Nc3 a6 4. cxd5 exd5 5. Bf4 Nf6 6. e3 Bd6 7. Bxd6 Qxd6 8. Bd3 O-O 9. h3 Re8 10. Nf3 Nbd7 11. O-O b6 12. Qa4 Bb7 13. b4 c6 14. Rab1 a5 15. b5 c5 16. Qa3 Ne4 17. Bxe4 dxe4 18. dxc5 Nxc5 19. Nd4 Qf6 20. Nce2 Nd3 21. f4 Rac8 22. Rb3 Rc5 23. Rc3 Rec8 24. Rxc5 Rxc5 25. Nc1 Nb4 26. Nce2 Bd5 27. Nc3 Qg6 28. Na4 Rc4 29. Nxb6 0-1

[Event "Cto por Equipos de Aragon Division de Ho"]
[Site "?"]
[Date "2026.02.14"]
[Round "4.6"]
[White "Remiro Juste, Fernando Jose"]
[Black "Asensio Asensio, Nicolas"]
[Result "0-1"]
[WhiteElo "2208"]
[BlackElo "2220"]
[PlyCount "58"]
[GameId "2278988363970645"]
[EventDate "2026.01.24"]
[WhiteTeam "Agrupacion"]
[BlackTeam "Aulazenter"]

1. e4 c6 2. Nf3 d5 3. exd5 cxd5 4. Ne5 a6 5. d4 Nc6 6. c3 Nxe5 7. dxe5 Bf5 8. Bd3 Bxd3 9. Qxd3 e6 10. O-O Ne7 11. Nd2 Nc6 12. Nf3 Be7 13. Re1 O-O 14. Nd4 Qb6 15. Re3 g6 16. Rh3 Nxe5 17. Qe3 Ng4 18. Qe2 Nf6 19. Qe3 Rfe8 20. Qh6 Bf8 21. Qh4 e5 22. Nf3 h5 23. Ng5 Bg7 24. Be3 Qxb2 25. Rf1 Rad8 26. f4 d4 27. Bc1 Qb6 28. fxe5 Rxe5 29. Qf2 Rf5 0-1

[Event "Cto por Equipos de Aragon Division de Ho"]
[Site "?"]
[Date "2026.02.14"]
[Round "4.7"]
[White "Iravedra Iankov, Francisco"]
[Black "Roque Sola, Jose Luis"]
[Result "1-0"]
[WhiteElo "2070"]
[BlackElo "2125"]
[PlyCount "47"]
[GameId "2278988363978838"]
[EventDate "2026.01.24"]
[WhiteTeam "Aulazenter"]
[BlackTeam "Agrupacion"]

1. e4 e5 2. Nf3 Nc6 3. Nc3 Nf6 4. a3 d5 5. Bb5 d4 6. Ne2 Nxe4 7. d3 Nf6 8. Nxe5 Qd5 9. Nxc6 bxc6 10. Bc4 Qd7 11. O-O Be7 12. Bf4 O-O 13. Qd2 c5 14. Qa5 Bd6 15. b4 Bb7 16. bxc5 Bxf4 17. Nxf4 Qg4 18. Qxc7 Bf3 19. h3 Qg5 20. g3 Qf5 21. Rfe1 Rae8 22. Rxe8 Nxe8 23. Qe7 g5 24. Ne6 1-0

[Event "Cto por Equipos de Aragon Division de Ho"]
[Site "?"]
[Date "2026.02.14"]
[Round "4.8"]
[White "Roque Sola, Gisela"]
[Black "Torrente Gayarre, Lorenzo"]
[Result "1-0"]
[WhiteElo "2085"]
[BlackElo "1956"]
[PlyCount "75"]
[GameId "2278988363987031"]
[EventDate "2026.01.24"]
[WhiteTeam "Agrupacion"]
[BlackTeam "Aulazenter"]

1. c4 c6 2. Nf3 d5 3. b3 Nf6 4. Bb2 g6 5. g3 Bg7 6. Bg2 O-O 7. O-O a5 8. Qc2 Na6 9. Bc3 a4 10. Qb2 Nc5 11. d3 Bg4 12. Bd4 Ne8 13. Bxg7 Nxg7 14. b4 Nd7 15. a3 e6 16. Ne1 g5 17. Nc3 Qf6 18. Ra2 dxc4 19. dxc4 Qd4 20. c5 Qc4 21. Ne4 h6 22. Nd6 Qb3 23. Nxb7 Ne5 24. Na5 Qxb2 25. Rxb2 Rad8 26. Nxc6 Nxc6 27. Bxc6 Rd1 28. Nf3 Rfd8 29. Bxa4 Rxf1+ 30. Kxf1 Ra8 31. Bc2 Rxa3 32. b5 Ne8 33. b6 Ra8 34. c6 Bh3+ 35. Ke1 g4 36. Ne5 Bg2 37. b7 Rb8 38. Nd7 1-0

[Event "Cto por Equipos de Aragon Division de Ho"]
[Site "?"]
[Date "2026.02.14"]
[Round "4.9"]
[White "Del Rey, Diego"]
[Black "Baron Rodriguez, Jesus"]
[Result "1/2-1/2"]
[WhiteElo "2282"]
[BlackElo "2401"]
[PlyCount "131"]
[GameId "2278988363995224"]
[EventDate "2026.01.24"]
[WhiteTeam "El Olivar"]
[BlackTeam "Iberajedrez Mundo 64"]

1. e4 c5 2. d4 cxd4 3. Qxd4 Nc6 4. Qd3 g6 5. Nc3 Bg7 6. Nf3 Nf6 7. Be2 O-O 8. O-O d6 9. Nd5 Bg4 10. c3 Nd7 11. h3 Nc5 12. Qc2 Bxf3 13. Bxf3 e6 14. Nf4 Qc7 15. Be3 b5 16. Be2 Rab8 17. Rac1 a5 18. Qb1 Ne5 19. b3 Qc6 20. f3 Rfd8 21. Kh1 Qe8 22. Rfd1 Qf8 23. Qc2 Bf6 24. b4 axb4 25. cxb4 Ncd7 26. Qb3 Rb7 27. Rc2 Ra8 28. Rdc1 Qb8 29. a3 Bd8 30. Rc3 Bb6 31. Bxb6 Rxb6 32. Qa2 Nf8 33. Qd2 Rba6 34. Qe3 h5 35. h4 Kg7 36. Nh3 Qa7 37. Qd2 Rxa3 38. Qxd6 Nfd7 39. Rxa3 Qxa3 40. Rd1 Qb2 41. Qd2 Ra2 42. Qxb2 Rxb2 43. Bxb5 Nb8 44. Rd8 Nbc6 45. Bxc6 Nxc6 46. Rd6 Nxb4 47. Rd7 Nc2 48. Ng5 Ne3 49. Rxf7+ Kg8 50. Rf6 Kg7 51. e5 Nxg2 52. Nxe6+ Kh6 53. Nd4 Nxh4 54. e6 Rb7 55. Rf4 Kg5 56. Re4 Re7 57. Nc6 Re8 58. e7 Nxf3 59. Re6 Kf5 60. Rd6 Ne5 61. Rd5 Ke6 62. Rxe5+ Kd6 63. Rg5 Kxc6 64. Rxg6+ Kd7 65. Rh6 Rxe7 66. Rxh5 1/2-1/2

[Event "Cto por Equipos de Aragon Division de Ho"]
[Site "?"]
[Date "2026.02.14"]
[Round "4.10"]
[White "Moreno Gracia, Daniel"]
[Black "Galstyan, David"]
[Result "1/2-1/2"]
[WhiteElo "2275"]
[BlackElo "2248"]
[PlyCount "106"]
[GameId "2278988364003417"]
[EventDate "2026.01.24"]
[WhiteTeam "Iberajedrez Mundo 64"]
[BlackTeam "El Olivar"]

1. c4 e6 2. Nc3 Bb4 3. Qc2 Nf6 4. a3 Bxc3 5. Qxc3 a5 6. b3 d6 7. g3 e5 8. Bg2 O-O 9. Nf3 Nc6 10. O-O h6 11. Bb2 Bf5 12. b4 Qd7 13. b5 Nd8 14. Rfe1 Bh3 15. Bh1 Ne6 16. a4 Nc5 17. d4 Nce4 18. Qd3 Bf5 19. dxe5 Nxf2 20. Qd4 Nh3+ 21. Kf1 dxe5 22. Qxd7 Nxd7 23. Nxe5 Nxe5 24. Bxe5 c6 25. bxc6 bxc6 26. Bxc6 Rac8 27. Bb5 Ng5 28. Rac1 Ne4 29. Red1 Bh3+ 30. Ke1 Rc5 31. Rd5 Rfc8 32. Rcd1 Be6 33. Rxc5 Rxc5 34. Rd8+ Kh7 35. Bd4 Rh5 36. Bg1 Bh3 37. Bc6 Re5 38. Re8 Rxe8 39. Bxe8 Nd6 40. Bb5 Be6 41. c5 Nxb5 42. axb5 Bc4 43. b6 Bd5 44. Kd2 Kg6 45. Bd4 f6 46. Bc3 a4 47. Kd3 Kf5 48. Kd4 Bc6 49. Kc4 Ke4 50. Kb4 Kd5 51. e4+ Kxe4 52. b7 Bxb7 53. Kxa4 Kd5 1/2-1/2

[Event "Cto por Equipos de Aragon Division de Ho"]
[Site "?"]
[Date "2026.02.14"]
[Round "4.11"]
[White "Miranda Herrera, Miguel"]
[Black "Villalba Embid, Marcos"]
[Result "1/2-1/2"]
[WhiteElo "2177"]
[BlackElo "2223"]
[PlyCount "148"]
[GameId "2278988364011610"]
[EventDate "2026.01.24"]
[WhiteTeam "El Olivar"]
[BlackTeam "Iberajedrez Mundo 64"]

1. e4 c5 2. d4 cxd4 3. Qxd4 Nc6 4. Qd3 Nf6 5. Nc3 e6 6. Bf4 Bb4 7. O-O-O e5 8. Bg5 Bxc3 9. bxc3 Qa5 10. Bxf6 gxf6 11. Qf3 Qxa2 12. Qxf6 Qa3+ 13. Kd2 Rg8 14. Nf3 Qe7 15. Qh6 d6 16. Qxh7 Rf8 17. Qh4 f6 18. Qh5+ Kd8 19. Nh4 Kc7 20. Ng6 Qf7 21. Bc4 Qxc4 22. Nxf8 Qxe4 23. Qf7+ Kb6 24. Rb1+ Kc5 25. Qxf6 Bf5 26. Ne6+ Kc4 27. Rhd1 Qxc2+ 28. Ke1 Qxc3+ 29. Kf1 Bxb1 30. Nc7 Bd3+ 31. Kg1 Rd8 32. Qg5 Kb3 33. Nd5 Qd4 34. Ne7 Nxe7 35. Qxe7 Rb8 36. Qc7 Rg8 37. Qxb7+ Kc3 38. Qc7+ Qc5 39. Qf7 Rb8 40. Qa2 Rb2 41. Rxd3+ Kc2 42. Rd2+ Kxd2 43. Qxb2+ Kd3 44. h4 e4 45. Qb3+ Ke2 46. Qa2+ Kd3 47. Qb1+ Kd4 48. Qd1+ Ke5 49. h5 Kf6 50. Qg4 Qf5 51. Qh4+ Kg7 52. Qe7+ Kh6 53. Qxd6+ Kxh5 54. Qa6 Qh7 55. Kf1 Kg5 56. Ke2 Qe7 57. Qb5+ Kf4 58. g3+ Kg4 59. Qc6 Kf5 60. Qb5+ Kg4 61. Qd5 a6 62. Qc6 e3 63. Qf3+ Kh3 64. Qh1+ Kg4 65. Qf3+ Kh3 66. Qxe3 Qb7 67. Kf1 Qb5+ 68. Ke1 a5 69. Qe6+ Kg2 70. Qe4+ Kg1 71. Qe2 Qb4+ 72. Qd2 Qe4+ 73. Qe2 Qb4+ 74. Qd2 Qe4+ 1/2-1/2